|
|
|
|
| LEADER |
01214nam a22002657a 4500 |
| 001 |
AAL7512 |
| 003 |
BD-DhAAL |
| 005 |
20160215185217.0 |
| 008 |
160215m20111988bg a|||| |||| 001 0 ben d |
| 020 |
|
|
|a 9789844000612
|
| 040 |
|
|
|a BD-DhAAL
|c BD-DhAAL
|
| 082 |
|
|
|a 320.95492
|
| 100 |
|
|
|a লিফশুলৎস, লরেন্স
|9 18002
|
| 245 |
|
|
|a অসমাপ্ত বিপ্লব তাহেরের শেষ কথা
|c লরেন্স লিফশুলৎস, অনুবাদ মুনীর হোসেন
|
| 260 |
|
|
|a ১৮৩ পৃ. :
|b চিত্র ;
|c ২২ সে.মি.
|
| 300 |
|
|
|a ঢাকা :
|b নওরোজ কিস্তাবিতান,
|c ২০১১.
|
| 504 |
|
|
|6 Includes index.
|
| 541 |
|
|
|e 7512
|
| 600 |
|
|
|a Taher, Abu,
|y 1976.
|9 18003
|
| 651 |
|
|
|a Bangladesh -- Politics and government
|x Politics and government
|y 1971
|9 18004
|
| 700 |
|
|
|a হোসেন, মুনীর
|9 18005
|
| 852 |
|
|
|a Savar Campus Library
|c General Shelf
|
| 942 |
|
|
|2 ddc
|c BK
|
| 999 |
|
|
|c 36866
|d 36866
|
| 952 |
|
|
|0 0
|1 0
|2 ddc
|4 0
|6 320_954920000000000_LIF
|7 0
|9 58029
|a SCL
|b SCL
|c GEN
|d 2016-02-15
|g 250.00
|l 2
|m 1
|o 320.95492 LIF
|p 3020007512
|r 2024-03-25
|s 2024-03-10
|t 1
|w 2016-02-15
|y BK
|